|
|
|
|
| LEADER |
01835nam a22003494a 4500 |
| 001 |
40129 |
| 003 |
BD-DhAAL |
| 008 |
221123t2005 nyu b 001 0 eng d |
| 010 |
|
|
|a 2004065478
|
| 020 |
|
|
|a 006073132X (acidfree paper)
|
| 020 |
|
|
|a 9780060731328
|
| 020 |
|
|
|a 0061234001
|
| 020 |
|
|
|a 9780061234002
|
| 040 |
|
|
|a DLC
|c DLC
|d DLC
|d BD-DhAAL
|
| 042 |
|
|
|a pcc
|
| 082 |
0 |
0 |
|a 330
|2 23
|
| 100 |
1 |
|
|a Levitt, Steven D.
|9 52500
|
| 245 |
1 |
0 |
|a Freakonomics :
|b a rogue economist explores the hidden side of everything /
|c Steven D. Levitt and Stephen J. Dubner.
|
| 250 |
|
|
|a First edition & revised and expanded edition.
|
| 260 |
|
|
|a New York :
|b William Morrow,
|c c2005, 2006.
|
| 300 |
|
|
|a xii, 242 pages,
|a xv, 320 pages ;
|c 24 cm.
|
| 504 |
|
|
|a Includes bibliographical references and index.
|
| 541 |
|
|
|a Donated By Akbar Ali Khan, Complimentary copy from Dr. Sang Hoon Lee, Dean of Brac Business School, Brac University
|e 40129, 40592, 41180
|
| 650 |
|
0 |
|a Economics
|x Psychological aspects.
|9 52501
|
| 650 |
|
0 |
|a Economics
|x Sociological aspects.
|9 52502
|
| 700 |
1 |
|
|a Dubner, Stephen J.
|9 52503
|
| 852 |
|
|
|a Ayesha Abed Library
|c General Stacks
|
| 942 |
|
|
|2 ddc
|c BK
|
| 999 |
|
|
|c 45076
|d 45076
|
| 952 |
|
|
|0 0
|1 0
|2 ddc
|4 0
|6 330_000000000000000_LEV
|7 1
|9 72388
|a BRACUL
|b BRACUL
|c CS1
|d 2022-11-23
|e Donated by Akbar Ali Khan
|g 2647.49
|l 0
|o 330 LEV
|p 3010040129
|r 2022-11-23
|t 1
|w 2022-11-23
|y BK
|x USD 25.95
|
| 952 |
|
|
|0 0
|1 0
|2 ddc
|4 0
|6 330_000000000000000_LEV
|7 1
|9 73039
|a BRACUL
|b BRACUL
|c AAKC
|d 2022-11-23
|e Donated by Akbar Ali Khan
|g 2647.49
|l 0
|o 330 LEV
|p 3010040492
|r 2025-05-12
|t 2
|w 2022-11-23
|y BK
|x USD 25.95 price available in Book
|
| 952 |
|
|
|0 0
|1 0
|2 ddc
|4 0
|6 330_000000000000000_LEV
|7 0
|9 73620
|a BRACUL
|b BRACUL
|c GEN
|d 2023-05-11
|e Complimentary copy from Dr. Sang Hoon Lee
|l 3
|m 35
|o 330 LEV
|p 3010041180
|q 2026-05-18
|r 2026-04-04
|s 2026-04-04
|t 3
|w 2023-05-11
|y BK
|